Adivina las banderas de los municipios de Cádiz - Estadísticas

Estadísticas generales
  • Esta prueba ha sido intentada 65 veces
    53 desde el último reinicio
  • La puntuación promedio es 13 de 55
Estadísticas de respuestas
Imagen Respuesta % Correcto
Barbate
67%
Cádiz
61%
Conil de la Frontera
61%
Espera
61%
San Fernando
56%
Jerez de la Frontera
44%
Chipiona
39%
San Roque
33%
Arcos de la Frontera
28%
Benaocaz
28%
Grazalema
28%
Los Barrios
28%
Rota
28%
Ubrique
28%
Algar
22%
Castellar de la Frontera
22%
Chiclana de la Frontera
22%
El Puerto de Santa María
22%
Guadalcacín
22%
La Línea de la Concepción
22%
Prado del Rey
22%
Puerto Real
22%
San Martín del Tesorillo
22%
Setenil de las Bodegas
22%
Torre Alháquime
22%
Torrecera
22%
Zahara de los Atunes
22%
Alcalá de los Gazules
17%
Alcalá del Valle
17%
Algeciras
17%
Algodonales
17%
Benalup
17%
El Bosque
17%
El Gastor
17%
El Torno
17%
Facinas
17%
Jimena de la Frontera
17%
Paterna de Rivera
17%
Puerto Serrano
17%
San José del Valle
17%
Sanlúcar de Barrameda
17%
Tahivilla
17%
Tarifa
17%
Trebujena
17%
Vejer de la Frontera
17%
Villaluenga del Rosario
17%
Zahara de la Sierra
17%
Bornos
11%
Estella del Marqués
11%
La Barca de la Florida
11%
Medina-Sidonia
11%
Nueva Jarilla
11%
Olvera
11%
San Isidro del Guadalete
11%
Villamartín
11%
No se encontraron pruebas coincidentes
Distribución de puntuación
Porcentaje de gente con cada puntuación
Porcentaje por número respondido
Historial de tus puntuaciones
No has intentado esta prueba desde el último reinicio